000 00334nam a2200145Ia 4500
008 230718s9999 xx 000 0 und d
041 _aEng.
082 _a823
_bBYA-G
100 _aByat, A. S
245 0 _aGeorge Eliot the Mill
260 _aPakistan
_bOxford comiversity en
_c1880
300 _a691
650 _aLaw
999 _c26192
_d26192